000 01350cam a2200421 i 4500
001 20917
003 CO-MdFUSB
005 20220924093317.0
008 160404t1916 uk f |||| 001 0 eng d
020 _a9780674990722
040 _aCO-MdFUSB
_cCO-MdFUSB
_dCO-MdFUSB
_erda
_bEspañol
041 _aeng
082 _223
_a888
_bLP737l
100 1 _aPlutarch
_eAutor
245 1 0 _aPlutarch :
_c/ Plutarch ; translated by Bernadotte Perrin
_nIII
_blives
264 1 _aLondon, England
_b : Harvard University Press
_c[1916]
264 4 _c© 1916
300 _avol. 3 : xii , 442 página
_c;
336 _2rdacontent
_atexto
_btxt
337 _2rdamedia
_asin mediación
_bn
338 _avolumen
_bnc
_2rdacarrier
347 _2rda
490 _aLoeb Classical Library
504 _aIncluye referencias bibliográficas en el texto
505 _aPericles -- Fabius Maximus -- Comparación entre Nicias y Crassus
650 7 _9109
_aLiteratura clásica
650 7 _9108
_aLiteratura griega
653 _aGrecia - Historia
653 _aRoma (Imperio) - Historia
653 _aBiografía
653 _aBiografía como forma literaria
700 _aHenderson, Jeffrey
_eeditor
_9110
700 1 _9134
_aPerrin, Bernadotte
_etraductor
942 _cREF
945 _aEstudiante
999 _c63739
_d63739